| 000 | 00966nam a2200217Ia 4500 | ||
|---|---|---|---|
| 999 |
_c39021 _d39021 |
||
| 001 | 5531 | ||
| 003 | GE_BSU | ||
| 005 | 20190520151347.0 | ||
| 008 | 181216s1989||||ge |||||||||||||| ||geo|| | ||
| 040 | _cGE_BSU | ||
| 041 | _ageo | ||
| 080 | _a66(075.8) ბ-98 | ||
| 100 |
_aბუჩუკური, ი. _91398 |
||
| 245 |
_aქიმიური წარმოების ენერგოტექნოლოგიის საფუძვლები : _bდამხმ. სახელმძღ. / _cი. ბუჩუკური ; რედ. ე. გიორგაძე. |
||
| 264 |
_aთბილისი : _bსპი, _c1989. |
||
| 300 |
_a106 გვ. : _bილ. ; _c20 სმ. |
||
| 504 | _aბიბლიოგრ. : გვ.104. | ||
| 653 | _aქიმიური წარმოების ენერგოტექნოლოგია. | ||
| 700 |
_aგიორგაძე, ე. _eრედაქტორი _9398 |
||
| 942 |
_cBK _2udc |
||